|
|
|
|
| LEADER |
00000nam a2200000 a 4500 |
| 001 |
vtls001330209 |
| 003 |
SK-MaSNL |
| 005 |
20260301235656.0 |
| 008 |
251113s1998 CH 0 fre |
| 020 |
|
|
|a 9222106512
|c [1174,00]
|
| 035 |
|
|
|a SNK000283070
|
| 040 |
|
|
|a SNK
|b slo
|c SNK
|e AACR2
|
| 044 |
|
|
|a CH
|
| 080 |
|
|
|a 061.2(100):331:341.241.1
|2 1981
|
| 110 |
0 |
|
|a Medzinárodná organizácia práce
|4 aut
|9 18131
|
| 245 |
1 |
|
|a Rapport de la Commission d'experts pour l'application des conventions et recommandations (articles 19, 22 et 35 de la Constitution)
|b rapport général et observations... : troisieme question a l'ordre du jour: Informations et rapports ... : rapport
|
| 260 |
|
|
|a Geneve
|b Bureau international du Travail
|c 1998
|
| 300 |
|
|
|a xviii, 544 s.
|c 24 cm
|
| 490 |
1 |
|
|a Conférence internationale du Travail
|x 0251-3218
|v 86e session 1998
|
| 610 |
0 |
7 |
|a Medzinárodná organizácia práce
|a Ženeva, Švajčiarsko
|x dohody
|x aplikácie
|x správy
|2 SNK
|9 290378
|
| 611 |
1 |
7 |
|a Medzinárodná organizácia práce
|a Ženeva, Švajčiarsko
|x dohody
|x aplikácie
|x správy
|2 SNK
|9 290379
|
| 830 |
|
0 |
|a Conférence internationale du Travail
|9 283963
|
| 919 |
|
|
|a 92-2-210651-2
|
| 999 |
|
|
|c 976129
|d 978059
|
| 952 |
|
|
|t P60, <04>, [BOOK], {604}
|a SNK
|b SNK
|y VYP
|7 0
|p 17A0138402
|o snkIC 127235
|i snkV 531/98
|0 0
|1 0
|4 0
|d 1998-05-12
|l 0
|r 2005-01-02 00:00:00
|w 2026-02-24
|